Stany USA - 10 minut - Statystyki

Ogólne statystyki
  • Ten quiz został rozwiązany 86 razy
  • Średni wynik to 41 z 50
Statystyki odpowiedzi
Stan % Poprawnych
Kalifornia
100%
Nowy Jork
98%
Arizona
95%
Waszyngton
94%
Alaska
92%
Floryda
92%
Kentucky
92%
Idaho
91%
Kansas
91%
Karolina Północna
91%
Karolina Południowa
91%
Arkansas
89%
Hawaje
89%
Alabama
88%
Missisipi
88%
Nowy Meksyk
88%
Teksas
88%
Michigan
86%
Georgia
84%
Illinois
84%
Missouri
84%
New Jersey
84%
Ohio
84%
Wirginia
84%
Dakota Południowa
83%
Dakota Północna
83%
Kolorado
83%
Maine
83%
Oklahoma
83%
Oregon
83%
Indiana
81%
Pensylwania
81%
Utah
81%
Nevada
80%
Wirginia Zachodnia
80%
Delaware
78%
Montana
78%
Connecticut
77%
Tennessee
77%
Iowa
75%
Rhode Island
75%
Luizjana
73%
Nebraska
73%
New Hampshire
73%
Wisconsin
73%
Massachusetts
72%
Minnesota
72%
Vermont
72%
Wyoming
69%
Maryland
64%
Nie znaleziono quizów pasujących do podanych kryteriów
Rozkład punktacji
Procent ludzi z każdym wynikiem
Percentyl według liczby udzielonych odpowiedzi
Twoja historia wyników
Nie rozwiązałeś tego quizu